00863cam a22002531 4500001001300000003000400013005001700017008004100034010001700075035001900092040002600111042001200137050002300149100004900172245007500221260007100296300001800367410004600385500001700431504006000448650002700508700005700535999001700592gs 36000026 DLC20260227111340.0790615s1936 nbua b s000 0 eng  ags 36000026  a(OCoLC)5069529 aDLCcTxCMdOCoLCdDLC apremarc00aQE135b.A43 no. 101 aCondra, Geo. E.q(George Evert),d1869-1958.10aWater-bearing formations of Nebraska,cby G. E. Condra and E. C. Reed. a[Lincoln]bPublished by authority of the state of Nebraska,c1936. a24 p.billus.20aNebraska Geological SurveytPapervno. 10 aCover title. a"List of references, comp. by W. R. Johnson": p. 23-24. 0aGroundwaterzNebraska.1 aReed, E. C.q(Eugene Clifton),d1901-ejoint author. c27237d27237